Chủ quyền biển đảo Việt Nam trong lịch sử

Gồm các bài nghiên cứu cung cấp những cơ sở, chứng cứ lịch sử và pháp lý khẳng định chủ quyền của Việt Nam đối với hai quần đảo Hoàng Sa và Trường Sa

Wedi'i Gadw mewn:
Manylion Llyfryddiaeth
Prif Awdur: Đỗ, Bang
Awduron Eraill: Nguyễn, Quang Ngọc
Fformat: Llyfr
Iaith:Undetermined
Cyhoeddwyd: Tp. Hồ Chí Minh Văn hóa Văn nghệ Tp. Hồ Chí Minh 2017
Pynciau:
Mynediad Ar-lein:http://lrc.tdmu.edu.vn/opac/search/detail.asp?aID=2&ID=30892
Tagiau: Ychwanegu Tag
Dim Tagiau, Byddwch y cyntaf i dagio'r cofnod hwn!
Thư viện lưu trữ: Trung tâm Học liệu Trường Đại học Thủ Dầu Một
LEADER 01056nam a2200217Ia 4500
001 TDMU_30892
008 210410s9999 xx 000 0 und d
082 |a 428 
090 |b Đ450 
100 |a Đỗ, Bang 
245 0 |a Chủ quyền biển đảo Việt Nam trong lịch sử 
245 0 |c Đỗ Bang (ch.b.), Nguyễn Quang Ngọc, Nguyễn Nhã 
260 |a Tp. Hồ Chí Minh 
260 |b Văn hóa Văn nghệ Tp. Hồ Chí Minh 
260 |c 2017 
300 |a 429tr. 
520 |a Gồm các bài nghiên cứu cung cấp những cơ sở, chứng cứ lịch sử và pháp lý khẳng định chủ quyền của Việt Nam đối với hai quần đảo Hoàng Sa và Trường Sa 
650 |a Chủ quyền quốc gia  |z Quần đảo Hoàng Sa  |z Quần đảo Trường Sa 
700 |a Nguyễn, Quang Ngọc 
856 |u http://lrc.tdmu.edu.vn/opac/search/detail.asp?aID=2&ID=30892 
980 |a Trung tâm Học liệu Trường Đại học Thủ Dầu Một